Meilleurs pointeurs de l'histoire des Bruins de Boston - Statistiques

Statistiques générales
  • Ce quiz a été pris 21 fois
  • Le résultat moyen est 13 sur 50
Statistiques - réponses
Rang Joueur PTS % Correct
10 Brad Marchand 619
100%
6 Patrice Bergeron 849
100%
1 Ray Bourque 1506
92%
5 Bobby Orr 888
85%
3 Phil Esposito 1012
77%
12 Cam Neely 590
62%
36 David Pastrnak 345
54%
18 Zdeno Chara 480
54%
2 Johnny Bucyk 1339
46%
16 Adam Oates 499
38%
26 Brad Park 417
38%
9 David Krejci 671
38%
4 Rick Middleton 898
38%
30 Sergei Samsonov 376
38%
11 Terry O'Reilly 606
38%
25 Barry Pederson 417
31%
23 Jean Ratelle 450
31%
22 Joe Thornton 454
31%
8 Ken Hodge 674
31%
37 Milan Lucic 342
31%
44 Marc Savard 305
23%
41 Torey Krug 316
23%
7 Wayne Cashman 793
23%
46 Dallas Smith 302
15%
49 Jason Allison 294
15%
13 Peter McNab 587
15%
47 Bobby Schmautz 295
8%
17 Don Marcotte 484
8%
27 Fred Stanfield 409
8%
29 Glen Murray 389
8%
43 Glen Wesley 307
8%
31 Gregg Sheppard 375
8%
28 John McKenzie 396
8%
20 Keith Crowder 477
8%
32 Ken Linseman 372
8%
14 Milt Schmidt 575
8%
34 Steve Kasper 355
8%
15 Bill Cowley 537
0%
48 Derek Sanderson 294
0%
19 Dit Clapper 477
0%
21 Don McKenney 462
0%
35 Doug Mohns 347
0%
38 Ed Westfall 339
0%
42 Fleming MacKell 312
0%
33 Jerry Toppazzini 369
0%
40 Johnny Peirson 326
0%
45 Leo Labine 303
0%
39 Murray Oliver 332
0%
50 Vic Stasiuk 291
0%
24 Woody Dumart 430
0%
Aucun quiz correspondant
Distribution des résultats
% des personnes avec chaque résultat
Percentile par nombre de réponses
Votre historique - résultats
Vous n’avez pas pris ce quiz